00580nam a2200193Ia 4500003000900000008004100009040001600050080002200066100002400088245009100112260004300203300002300246650001400269650004100283650001100324650001200335700002300347700001600370IN-BaIIA211028s9999 xx 000 0 eng d cIIA Library a082.2:52bIAU-C22 aCristescu, Cornelia 0aAsteroids, comets, meteoric mattercCornelia Cristescu, W. J. Klepczynski and B. Milet aNew YorkbScholium Internationalc1974 a[various pagings.] aAsteroids aAstronomy and astrophysics thesaurus aComets aMeteors aKlepczynski, W. J. aMilet, B.